Most Hated Countries in the World - Statistics

General Stats
  • This quiz has been taken 417 times
  • The average score is 21 of 29
Answer Stats
Continent Country % Correct
North America United States
100%
Eurasia Russia
99%
Asia China
98%
Europe United Kingdom
94%
Asia North Korea
89%
Asia India
88%
Europe Germany
86%
Asia Iran
85%
Asia Iraq
83%
Asia Israel
82%
Eurasia Türkiye
81%
Asia Japan
80%
Asia Pakistán
79%
North America Mexico
76%
Oceania Australia
75%
Asia Saudi Arabia
75%
Europe Italy
73%
Asia Afghanistan
72%
Asia Syria
71%
Asia South Korea
70%
South America Argentina
63%
Asia Indonesia
55%
Africa Nigeria
54%
Africa Somalia
48%
Africa Algeria
43%
Asia Philippines
40%
Asia Qatar
40%
Europe Romania
37%
Europe Vatican City
19%
No matching quizzes found
Score Distribution
Percent of People with Each Score
Percentile by Number Answered
Your Score History
You have not taken this quiz